Trh práce a ženy na Slovensku

Vývoj zamestnanosti a štruktúra ekonomicky aktívneho obyvateľstva na Slovensku. Podiel žien na celkovom priemernom počte zamestnaných. Profesná štruktúra pracujúcich. Podiel mužov a žien z počtu nezamestnaných. Mzdové rozdiely medzi mužmi a ženami.

Na minha lista:
Detalhes bibliográficos
Autor principal: Barošová, Margita
Formato: Capítulo de Livro
Idioma:eslovaco
Assuntos:
Tags: Adicionar Tag
Sem tags, seja o primeiro a adicionar uma tag!

MARC

LEADER 00000naa a2200000 4500
001 r034283
005 20230807090925.8
041 0 |a slo 
044 |a SK 
245 1 0 |a Trh práce a ženy na Slovensku  |c Margita Barošová 
520 |a Vývoj zamestnanosti a štruktúra ekonomicky aktívneho obyvateľstva na Slovensku. Podiel žien na celkovom priemernom počte zamestnaných. Profesná štruktúra pracujúcich. Podiel mužov a žien z počtu nezamestnaných. Mzdové rozdiely medzi mužmi a ženami. 
610 2 0 |a trh práce 
610 2 0 |a diferenciácia mzdová 
610 2 0 |a ženy 
610 2 0 |a muži 
610 2 0 |a zamestnanosť 
610 2 0 |a štruktúra kvalifikačná 
610 2 0 |a obyvateľstvo aktívne 
610 2 0 |a príjmy obyvateľstva 
610 2 0 |a príjmy pracovné 
610 2 0 |a Slovensko 
100 1 |a Barošová, Margita